000 00261nam a2200109Ia 4500
008 220204s9999 xx 000 0 und d
082 _a796.346
_bMED
100 _aMedlycott, James
245 0 _aHow to play squash
260 _aLondon
_bHamlyn
_c1978
942 _cBK
999 _c35961
_d35961